Education and identity in rural France : the politics of schooling
Αποθηκεύτηκε σε:
| Κύριος συγγραφέας: | |
|---|---|
| Μορφή: | Βιβλίο |
| Γλώσσα: | English |
| Δημοσίευση: |
Cambridge :
Cambridge University Press,
c1996
|
| Σειρά: | Cambridge studies in social and cultural anthropology ;
; 98 |
| Θέματα: | |
| Ετικέτες: |
Προσθήκη ετικέτας
Δεν υπάρχουν, Καταχωρήστε ετικέτα πρώτοι!
|
MARC
| LEADER | 00000nam a2200000 i 4500 | ||
|---|---|---|---|
| 001 | 1/69637 | ||
| 008 | 981110s1996 eng d | ||
| 020 | |a 0-521-48312-3 | ||
| 035 | |l 10030424 | ||
| 040 | |a GR-MY-UA |b gre |e aacr | ||
| 041 | 0 | |a eng | |
| 082 | 0 | |a 370.19094459 | |
| 100 | 1 | |a Reed-Danahay, Deborah. | |
| 245 | 1 | 0 | |a Education and identity in rural France : |b the politics of schooling / |c Deborah Reed-Danahay |
| 260 | |a Cambridge : |b Cambridge University Press, |c c1996 | ||
| 300 | |a 237 p. | ||
| 490 | 1 | |a Cambridge studies in social and cultural anthropology |v ; 98 | |
| 504 | |a includes bibliographical references and index | ||
| 650 | 0 | 0 | |a Politics and education |z France |x Case studies. |
| 650 | 0 | 0 | |a Education, Rural |z France |x Case studies. |
| 650 | 0 | 0 | |a Educational anthropology |z France |x Case studies. |
| 650 | 0 | 0 | |a Educational sociology |z France |x Case studies. |
| 650 | 0 | 0 | |a Group identity |z France |x Case studies. |
| 650 | 0 | 0 | |a Home and school |z France |x Case studies. |
| 650 | 0 | 0 | |a Parent-teacher relationships |z France |x Case studies. |
| 830 | 0 | |a Cambridge studies in social and cultural anthropology ; |v ; 98 | |
| 852 | |a INST |b LESVOS |e 19981110 |h 370.19094459 REE |p 005100018225 |q 005100018225 |t BK |y 0 | ||
| 901 | |a BIBL-1999-1 | ||
| 909 | |a Λ |b 060108 | ||
| 922 | |a 1ΕΛΗ |b 199810 |c ΚΠΣ/ΤΚΑ |d ΠΑΠΑΣΩΤΗΡΙΟΥ | ||
| 950 | |a 117-1998-07-12 | ||